[Event "Niedersachsen-ch Seniors op 14th"]
[Site "Bad Bevensen"]
[Date "2011.07.09"]
[Round "5"]
[White "Eidelmann, Vova"]
[Black "Josting, Friedel"]
[Result "1-0"]
[WhiteElo "1909"]
[BlackElo "1817"]
[PlyCount "86"]
[EventDate "2011.07.05"]
[EventType "swiss"]
[EventRounds "9"]
[EventCountry "GER"]
[SourceTitle "EXT 2012"]
[Source "ChessBase"]
[SourceDate "2011.11.24"]
[SourceVersion "1"]
[SourceVersionDate "2011.11.24"]
[SourceQuality "1"]

1. d4 d5 2. Nf3 Nf6 3. c4 c6 4. Nc3 e6 5. Bg5 Be7 6. e3 Nbd7 7. Bd3 a6 8. c5 b5 9. 0-0 0-0 10. b4 Qc7 11. Bf4 Qd8 12. h3 a5 13. a3 h6 14. Bh2 Nh7 15. Qc2 Ng5 16. Nd2 f5 17. f3 Nf6 18. Ne2 Bd7 19. Nf4 Qe8 20. g4 g6 21. Kh1 Kg7 22. Rg1 axb4 23. axb4 Rxa1 24. Rxa1 h5 25. gxf5 gxf5 26. Rg1 Kh6 27. h4 Nf7 28. Nh3 Rg8 29. Bf4+ Kh7 30. Ng5+ Kh8 31. Be5 Nxe5 32. dxe5 Nh7 33. f4 Nxg5 34. hxg5 Kg7 35. Nf3 Rh8 36. Nh4 Qf8 37. Ra1 Qb8 38. Qb2 Qb7 39. Bxf5 exf5 40. e6+ Kg8 41. exd7 Qxd7 42. Ra8+ Bd8 43. Qf6 Kh7 1-0

[Event "Niedersachsen-ch Seniors op 13th"]
[Site "Bad Bevensen"]
[Date "2010.07.13"]
[Round "8"]
[White "Limberg, Siegfried"]
[Black "Eidelmann, Vova"]
[Result "1/2-1/2"]
[WhiteElo "2040"]
[BlackElo "1991"]
[PlyCount "60"]
[EventDate "2010.07.06"]
[EventType "swiss"]
[EventRounds "9"]
[EventCountry "GER"]
[SourceTitle "EXT 2012"]
[Source "ChessBase"]
[SourceDate "2011.11.24"]
[SourceVersion "1"]
[SourceVersionDate "2011.11.24"]
[SourceQuality "1"]

1. d4 Nf6 2. Nf3 e6 3. e3 b6 4. Bd3 Bb7 5. Nbd2 d5 6. 0-0 Bd6 7. Ne5 Nbd7 8. f4 c5 9. c3 h5 10. Ndf3 Ne4 11. Bb5 Bxe5 12. Nxe5 Nef6 13. f5 0-0 14. Nxd7 Nxd7 15. fxe6 Nf6 16. exf7+ Rxf7 17. Bd2 Qd6 18. Be2 g6 19. Rf4 Raf8 20. Qe1 g5 21. Rf5 Rg7 22. Qg3 Qxg3 23. hxg3 Bc8 24. Rff1 Re7 25. Bd3 Kg7 26. c4 dxc4 27. Bxc4 Rd8 28. Bc3 Ne4 29. dxc5+ Nxc3 30. bxc3 bxc5 1/2-1/2

[Event "Bad Bevensen Seniors op 12th"]
[Site "Bad Bevensen"]
[Date "2009.07.13"]
[Round "7"]
[White "Raessler, Arndt"]
[Black "Eidelmann, Vova"]
[Result "1-0"]
[WhiteElo "1840"]
[BlackElo "1940"]
[PlyCount "111"]
[EventDate "2009.07.07"]
[EventType "swiss"]
[EventRounds "9"]
[EventCountry "GER"]
[SourceTitle "EXT 2022"]
[Source "ChessBase"]
[SourceDate "2021.10.06"]
[SourceVersion "1"]
[SourceVersionDate "2021.10.06"]
[SourceQuality "1"]

1. d4 d5 2. Nf3 Nf6 3. Bf4 Nh5 4. Bg3 Nxg3 5. hxg3 Bf5 6. e3 Nd7 7. Bd3 Bxd3 8. Qxd3 g6 9. Nbd2 Bg7 10. c3 c6 11. e4 e6 12. e5 Qb6 13. b3 Rc8 14. b4 h6 15. Nb3 Qc7 16. Qe3 b6 17. 0-0 0-0 18. Rac1 c5 19. Rfe1 Qc6 20. Qe2 cxb4 21. cxb4 Qa4 22. b5 Rc4 23. Nbd2 Rc2 24. Rxc2 Qxc2 25. Nb3 Rc8 26. Qxc2 Rxc2 27. Ra1 Bf8 28. Rc1 Rxc1+ 29. Nxc1 Be7 30. Kf1 g5 31. Nd3 h5 32. Ke2 Kg7 33. Nfe1 Nb8 34. Nc2 a5 35. bxa6 Nxa6 36. a4 Kg6 37. f3 Kg7 38. Kd2 Kf8 39. Kc3 Ke8 40. Ndb4 Nb8 41. Kb3 Kd7 42. Kc3 Kc7 43. Kb3 Kb7 44. Kc3 Nd7 45. Kb3 Nf8 46. Ne3 Ng6 47. Nd3 f6 48. f4 g4 49. Nf1 Nh8 50. Ne3 Nf7 51. Nb4 Nd8 52. Nd3 Nc6 53. Nc2 Na5+ 54. Kc3 Nc4 55. Nb2 Na5 56. Nd3 1-0

[Event "Bad Bevensen Seniors op 12th"]
[Site "Bad Bevensen"]
[Date "2009.07.10"]
[Round "4"]
[White "Eidelmann, Vova"]
[Black "Fleischer, Martin"]
[Result "1-0"]
[WhiteElo "1940"]
[BlackElo "1785"]
[PlyCount "71"]
[EventDate "2009.07.07"]
[EventType "swiss"]
[EventRounds "9"]
[EventCountry "GER"]
[SourceTitle "EXT 2022"]
[Source "ChessBase"]
[SourceDate "2021.10.06"]
[SourceVersion "1"]
[SourceVersionDate "2021.10.06"]
[SourceQuality "1"]

1. d4 e6 2. Nf3 d5 3. e3 c5 4. b3 Nf6 5. Bd3 cxd4 6. exd4 Bd6 7. 0-0 0-0 8. Nbd2 Nbd7 9. Bb2 Re8 10. Re1 a6 11. c4 b6 12. Rc1 Bb7 13. Ne5 Rc8 14. Qe2 a5 15. Ndf3 h6 16. a3 Qe7 17. Kh1 Rc7 18. Nxd7 Nxd7 19. Bb1 dxc4 20. bxc4 Bxf3 21. Qxf3 Nf8 22. Qb3 Rb7 23. Be4 Rbb8 24. g3 h5 25. Qc3 h4 26. c5 Bc7 27. d5 e5 28. d6 Bxd6 29. cxd6 Qxd6 30. Rcd1 Qc5 31. Qf3 hxg3 32. Qxg3 Re6 33. Rd5 Qe7 34. Bxe5 Rc8 35. Bd6 Rxd6 36. Qxd6 1-0

[Event "Niedersachsen-ch Seniors op 11th"]
[Site "Bad Bevensen"]
[Date "2008.07.15"]
[Round "8"]
[White "Eidelmann, Vova"]
[Black "Juergens, Peter1111"]
[Result "1/2-1/2"]
[WhiteElo "1950"]
[BlackElo "1887"]
[PlyCount "110"]
[EventDate "2008.07.08"]
[EventType "swiss"]
[EventRounds "9"]
[EventCountry "GER"]
[SourceTitle "EXT 2022"]
[Source "ChessBase"]
[SourceDate "2021.10.06"]
[SourceVersion "1"]
[SourceVersionDate "2021.10.06"]
[SourceQuality "1"]

1. d4 e6 2. Nf3 Nf6 3. e3 d5 4. Nbd2 c5 5. b3 Nc6 6. Bb2 Bd6 7. Bd3 cxd4 8. exd4 0-0 9. 0-0 b6 10. Ne5 Bb7 11. Ndf3 Rc8 12. Nxc6 Bxc6 13. Ne5 Bb7 14. Qe2 Qe7 15. a4 Bb4 16. Rfc1 Bc3 17. Bxc3 Rxc3 18. a5 Qd6 19. Ra4 Rc7 20. Rca1 Ne4 21. Qh5 f6 22. Nf3 Bc6 23. axb6 axb6 24. Ra7 Qd7 25. Rxc7 Qxc7 26. g3 g6 27. Qh6 Nd6 28. Qe3 Qd7 29. Nd2 b5 30. c3 Re8 31. Qf4 Kg7 32. Nf3 Ra8 33. Qc1 Qb7 34. Ra3 Rxa3 35. Qxa3 Nf7 36. h4 e5 37. dxe5 fxe5 38. Ng5 Qd7 39. Bf1 Nxg5 40. hxg5 d4 41. Qc5 Qd5 42. Qxd5 Bxd5 43. cxd4 exd4 44. Bxb5 Bxb3 45. Kf1 Kf7 46. Ke2 Ke6 47. Kd3 Kf5 48. f4 Kg4 49. Kxd4 Kxg3 50. Ke5 Ba2 51. Bd7 Bg8 52. f5 gxf5 53. Bxf5 Kh4 54. Kf6 Kh5 55. Bd7 Kh4 1/2-1/2

[Event "Niedersachsen-ch Seniors op 10th"]
[Site "Bad Bevensen"]
[Date "2007.07.11"]
[Round "9"]
[White "Eidelmann, Vova"]
[Black "Gerhardt, Peter Michael"]
[Result "1/2-1/2"]
[WhiteElo "1925"]
[BlackElo "1982"]
[PlyCount "23"]
[EventDate "2007.07.03"]
[EventType "swiss"]
[EventRounds "9"]
[EventCountry "GER"]
[SourceTitle "EXT 2022"]
[Source "ChessBase"]
[SourceDate "2021.10.06"]
[SourceVersion "1"]
[SourceVersionDate "2021.10.06"]
[SourceQuality "1"]

1. d4 Nf6 2. Nd2 d5 3. e3 g6 4. Be2 Bg7 5. b3 0-0 6. Bb2 Nbd7 7. Ngf3 c5 8. 0-0 b6 9. Ne5 Bb7 10. Ndf3 Rc8 11. a4 a5 12. Bb5 1/2-1/2

[Event "Niedersachsen-ch Seniors 41st"]
[Site "Sottrum"]
[Date "2007.03.29"]
[Round "8"]
[White "Eidelmann, Vova"]
[Black "Heimberg, Guenter"]
[Result "1-0"]
[WhiteElo "1902"]
[BlackElo "1609"]
[PlyCount "53"]
[EventDate "2007.03.22"]
[EventType "swiss"]
[EventRounds "9"]
[EventCountry "GER"]
[SourceTitle "EXT 2022"]
[Source "ChessBase"]
[SourceDate "2021.10.06"]
[SourceVersion "1"]
[SourceVersionDate "2021.10.06"]
[SourceQuality "1"]

1. d4 d5 2. Nf3 Nf6 3. e3 e6 4. Bd3 Bd6 5. 0-0 Nbd7 6. b3 0-0 7. Bb2 Re8 8. Ne5 c5 9. Nd2 Qc7 10. f4 Nf8 11. g4 Qe7 12. g5 N6d7 13. Ndf3 f6 14. gxf6 Nxf6 15. Ng5 h6 16. Ngf3 a6 17. Qe2 N6d7 18. Rf2 Bxe5 19. Nxe5 Nxe5 20. fxe5 Bd7 21. Raf1 Bc6 22. Qg4 b6 23. h4 Qc7 24. Rf6 Nh7 25. Bxh7+ Kxh7 26. Rf7 Re7 27. Qxg7# 1-0

[Event "Niedersachsen-ch Seniors 41st"]
[Site "Sottrum"]
[Date "2007.03.26"]
[Round "5"]
[White "Pundt, Wilfried"]
[Black "Eidelmann, Vova"]
[Result "1-0"]
[WhiteElo "1872"]
[BlackElo "1902"]
[PlyCount "61"]
[EventDate "2007.03.22"]
[EventType "swiss"]
[EventRounds "9"]
[EventCountry "GER"]
[SourceTitle "EXT 2022"]
[Source "ChessBase"]
[SourceDate "2021.10.06"]
[SourceVersion "1"]
[SourceVersionDate "2021.10.06"]
[SourceQuality "1"]

1. e4 c5 2. b4 cxb4 3. a3 d5 4. e5 e6 5. axb4 Qc7 6. d4 Bxb4+ 7. Bd2 Bxd2+ 8. Qxd2 Ne7 9. Bd3 Nbc6 10. c3 a6 11. Nh3 Bd7 12. 0-0 Na5 13. Qg5 Ng6 14. f4 Nc4 15. Qg3 Rc8 16. Ng5 0-0 17. Qh3 h6 18. Nxf7 Rxf7 19. Bxg6 Rff8 20. Ra2 a5 21. Re2 Qb6 22. Bc2 a4 23. Qd3 Rf5 24. g4 Nb2 25. Qg3 Rff8 26. g5 hxg5 27. Qh3 Rxf4 28. Qh7+ Kf7 29. Rxf4+ gxf4 30. Rf2 Ke7 31. Qh4+ 1-0

[Event "Niedersachsen-ch Seniors 41st"]
[Site "Sottrum"]
[Date "2007.03.25"]
[Round "4"]
[White "Eidelmann, Vova"]
[Black "Pape, Manfred"]
[Result "0-1"]
[WhiteElo "1902"]
[BlackElo "2086"]
[PlyCount "76"]
[EventDate "2007.03.22"]
[EventType "swiss"]
[EventRounds "9"]
[EventCountry "GER"]
[SourceTitle "EXT 2022"]
[Source "ChessBase"]
[SourceDate "2021.10.06"]
[SourceVersion "1"]
[SourceVersionDate "2021.10.06"]
[SourceQuality "1"]

1. e4 g6 2. d4 Bg7 3. Nf3 d6 4. h3 Nf6 5. Nc3 c6 6. Be3 Qa5 7. Qd2 b5 8. Bd3 b4 9. Ne2 Nbd7 10. 0-0 Qb6 11. Nf4 Qb8 12. a3 e5 13. Ne2 bxa3 14. bxa3 Qc7 15. Rab1 0-0 16. Bh6 Re8 17. Bxg7 Kxg7 18. dxe5 dxe5 19. Ng3 Nf8 20. Qg5 h6 21. Qe3 Ne6 22. Ne2 Qa5 23. Nd2 Qc5 24. Qxc5 Nxc5 25. f4 exf4 26. Rxf4 g5 27. Rf3 Nfxe4 28. Nxe4 Nxe4 29. Re3 Nd6 30. Rxe8 Nxe8 31. Nd4 Bd7 32. Rb7 Nf6 33. Rc7 Be8 34. Nxc6 Nd5 35. Rxa7 Bxc6 36. Rxa8 Bxa8 37. Kf2 Kf6 38. Bc4 Ke5 0-1

[Event "GER-ch Seniors 18th"]
[Site "Dresden"]
[Date "2006.07.26"]
[Round "5"]
[White "Eidelmann, Vova"]
[Black "Doehner, Hans Juergen"]
[Result "1/2-1/2"]
[WhiteElo "2069"]
[BlackElo "2188"]
[PlyCount "92"]
[EventDate "2006.07.22"]
[EventType "swiss"]
[EventRounds "9"]
[EventCountry "GER"]
[SourceTitle "CBM 113 Extra"]
[Source "ChessBase"]
[SourceDate "2006.09.14"]
[SourceVersion "1"]
[SourceVersionDate "2006.09.14"]
[SourceQuality "1"]

1. d4 d5 2. Nf3 e6 3. e3 Nf6 4. Bd3 c5 5. 0-0 Nc6 6. b3 cxd4 7. exd4 Bd6 8. Bb2 0-0 9. Nbd2 Nb4 10. Be2 b6 11. a3 Nc6 12. Ne5 Bb7 13. Ndf3 Ne7 14. Bd3 Rc8 15. Qe2 Ne4 16. c4 f6 17. Ng4 Ng6 18. g3 Qe8 19. Rac1 h5 20. Ne3 h4 21. Ng2 hxg3 22. fxg3 Ne7 23. Nfh4 f5 24. cxd5 exd5 25. Bb5 Qd8 26. Qh5 Rxc1 27. Bxc1 Bc8 28. Ng6 Nxg6 29. Qxg6 a6 30. Bc6 Be7 31. Bh6 Bf6 32. Be3 Qd6 33. Rc1 Be6 34. Bb7 Qd8 35. Bc6 Qd6 36. b4 Rc8 37. Nf4 Bf7 38. Qxf7+ Kxf7 39. Bxd5+ Qxd5 40. Nxd5 Rxc1+ 41. Bxc1 Bxd4+ 42. Be3 Bxe3+ 43. Nxe3 Ke6 44. Kg2 b5 45. h4 g6 46. Kf3 Ke5 1/2-1/2

[Event "GER-ch Seniors 18th"]
[Site "Dresden"]
[Date "2006.07.25"]
[Round "4"]
[White "Riedel, Lutz"]
[Black "Eidelmann, Vova"]
[Result "1/2-1/2"]
[WhiteElo "2175"]
[BlackElo "2069"]
[PlyCount "129"]
[EventDate "2006.07.22"]
[EventType "swiss"]
[EventRounds "9"]
[EventCountry "GER"]
[SourceTitle "CBM 113 Extra"]
[Source "ChessBase"]
[SourceDate "2006.09.14"]
[SourceVersion "1"]
[SourceVersionDate "2006.09.14"]
[SourceQuality "1"]

1. c4 Nf6 2. Nc3 e5 3. g3 Bc5 4. Bg2 Nc6 5. Nf3 d6 6. 0-0 0-0 7. d3 h6 8. Rb1 Bf5 9. Nd5 a5 10. a3 Re8 11. Nh4 Bg4 12. h3 Bd7 13. e4 Nd4 14. Ne3 Qc8 15. g4 Ra6 16. Bd2 a4 17. Nhf5 Kh7 18. Kh2 g6 19. Ng3 Ne6 20. Nd5 Ng8 21. Be3 c6 22. Nc3 b5 23. Bxc5 dxc5 24. cxb5 cxb5 25. Nd5 Nf4 26. Rc1 h5 27. f3 Rd6 28. Ne2 g5 29. Qc2 Ne6 30. Qd2 Nf4 31. Nexf4 gxf4 32. Nxf4 exf4 33. Qxf4 Rf6 34. Qg5 Qc7+ 35. f4 Rh6 36. Rxc5 Qd8 37. Qxd8 Rxd8 38. Kg3 hxg4 39. hxg4 Be8 40. Rd1 Rhd6 41. Rc3 Rd4 42. g5 Kg7 43. Kf2 Ne7 44. Ke3 b4 45. Rc5 bxa3 46. bxa3 R4d6 47. f5 f6 48. Rc7 R8d7 49. Rxd7 Bxd7 50. gxf6+ Kxf6 51. Rh1 Bxf5 52. exf5 Nxf5+ 53. Kd2 Rb6 54. Bd5 Ke5 55. Bc4 Kd4 56. Rh5 Rb2+ 57. Kc1 Rf2 58. Bb5 Kc3 59. d4 Rc2+ 60. Kd1 Rd2+ 61. Ke1 Nxd4 62. Rc5+ Kb2 63. Kxd2 Nb3+ 64. Kd1 Nxc5 65. Bxa4 1/2-1/2

[Event "Rhein Main op 09th"]
[Site "Bad Homburg"]
[Date "2006.06.15"]
[Round "2.5"]
[White "Eidelmann, Vova"]
[Black "Klundt, Klaus"]
[Result "0-1"]
[WhiteElo "2055"]
[BlackElo "2392"]
[PlyCount "78"]
[EventDate "2006.06.14"]
[EventType "swiss"]
[EventRounds "7"]
[EventCountry "GER"]
[SourceTitle "EXT 2007"]
[Source "ChessBase"]
[SourceDate "2006.11.23"]
[SourceVersion "1"]
[SourceVersionDate "2006.11.23"]
[SourceQuality "1"]

1. c4 Nf6 2. Nc3 g6 3. Nf3 Bg7 4. g3 0-0 5. Bg2 d6 6. b3 Nc6 7. Bb2 e5 8. 0-0 Re8 9. d3 Nd4 10. e3 Nxf3+ 11. Bxf3 c6 12. Ne4 Bh3 13. Re1 d5 14. cxd5 cxd5 15. Nxf6+ Bxf6 16. Bg4 Bxg4 17. Qxg4 Qa5 18. Red1 Rac8 19. Qd7 Red8 20. Qa4 Qxa4 21. bxa4 Rc2 22. Rab1 Rd6 23. Ba3 Rdc6 24. Rxb7 h5 25. Rxa7 h4 26. Kg2 Bg5 27. Re1 Rf6 28. Rf1 Bxe3 29. Ra8+ Kh7 30. Be7 Rfxf2+ 31. Rxf2 Rxf2+ 32. Kh3 f5 33. Bf6 g5 34. Bxg5 Bxg5 35. Ra5 hxg3 36. hxg3 e4 37. Rxd5 e3 38. Re5 e2 39. a5 Bd2 0-1

[Event "Niedersachsen-ch Seniors 40th"]
[Site "Wingst"]
[Date "2006.04.10"]
[Round "7"]
[White "Spindler, Egbert"]
[Black "Eidelmann, Vova"]
[Result "0-1"]
[WhiteElo "1747"]
[BlackElo "1983"]
[PlyCount "74"]
[EventDate "2006.04.04"]
[EventType "swiss"]
[EventRounds "9"]
[EventCountry "GER"]
[SourceTitle "EXT 2007"]
[Source "ChessBase"]
[SourceDate "2006.11.23"]
[SourceVersion "1"]
[SourceVersionDate "2006.11.23"]
[SourceQuality "1"]

1. d4 d5 2. Nf3 Nf6 3. Bf4 Bf5 4. e3 e6 5. Bd3 Bxd3 6. Qxd3 c6 7. Nbd2 Bd6 8. Ne5 Nh5 9. Qe2 Nxf4 10. exf4 Nd7 11. 0-0-0 Qe7 12. Rhe1 0-0-0 13. g3 Rde8 14. Kb1 Kb8 15. Nb3 Rc8 16. Rd3 Bb4 17. c3 Bd6 18. Nf3 Qd8 19. Re3 Rf8 20. Qc2 g6 21. Ne5 c5 22. Nxd7+ Qxd7 23. dxc5 Bxc5 24. Nxc5 Rxc5 25. Qd3 Rfc8 26. Rd1 Rc4 27. Qd2 Qb5 28. Rd3 R8c6 29. Qe3 Re4 30. Qd2 Rb6 31. f3 Ra4 32. b3 Rc4 33. Ka1 Rc8 34. Rc1 Ra6 35. Rc2 Qxb3 36. Rb2 Qc4 37. Rb4 Rxa2+ 0-1

[Event "GER-ch Seniors-A 17th"]
[Site "Essen"]
[Date "2005.08.28"]
[Round "8"]
[White "Eidelmann, Vova"]
[Black "Bilyavskyy, Borys"]
[Result "1/2-1/2"]
[WhiteElo "2044"]
[BlackElo "1813"]
[PlyCount "43"]
[EventDate "2005.08.20"]
[EventType "swiss"]
[EventRounds "9"]
[EventCountry "GER"]
[SourceTitle "CBM 108 Extra"]
[Source "ChessBase"]
[SourceDate "2005.11.04"]
[SourceVersion "1"]
[SourceVersionDate "2005.11.04"]
[SourceQuality "1"]

1. d4 Nf6 2. c4 e6 3. e3 d5 4. Nf3 c6 5. Be2 dxc4 6. Bxc4 b5 7. Bd3 Bb7 8. Bd2 Nbd7 9. b4 Be7 10. 0-0 0-0 11. a3 a6 12. Nc3 Re8 13. Rc1 Rc8 14. Ne4 Nxe4 15. Bxe4 Nf6 16. Bd3 g6 17. Bc3 Bf8 18. e4 Bg7 19. Ne5 Nd7 20. f4 Nxe5 21. fxe5 Rc7 22. Qg4 1/2-1/2

[Event "GER-ch Seniors-A 17th"]
[Site "Essen"]
[Date "2005.08.25"]
[Round "5"]
[White "Budt, Karl Heinz"]
[Black "Eidelmann, Vova"]
[Result "0-1"]
[WhiteElo "2148"]
[BlackElo "2044"]
[PlyCount "155"]
[EventDate "2005.08.20"]
[EventType "swiss"]
[EventRounds "9"]
[EventCountry "GER"]
[SourceTitle "CBM 108 Extra"]
[Source "ChessBase"]
[SourceDate "2005.11.04"]
[SourceVersion "1"]
[SourceVersionDate "2005.11.04"]
[SourceQuality "1"]

1. d4 b6 2. Nf3 Bb7 3. g3 Nf6 4. Bg2 e6 5. 0-0 Be7 6. c4 0-0 7. Nc3 d6 8. d5 e5 9. e4 Nbd7 10. Ne1 Re8 11. Nd3 Nf8 12. f3 Ng6 13. Be3 a6 14. b4 Bf8 15. c5 a5 16. c6 Ba6 17. b5 Bc8 18. Na4 h6 19. Rc1 Nh7 20. Ndb2 Be7 21. Rc2 Bg5 22. Qd2 f5 23. Bxg5 Nxg5 24. Nc4 Rf8 25. Rcc1 fxe4 26. fxe4 Bg4 27. Qe3 Rxf1+ 28. Rxf1 Nh3+ 29. Kh1 Qg5 30. Qxg5 Nxg5 31. h4 Nh7 32. Rc1 Ne7 33. Ne3 Be2 34. Nc3 Bh5 35. g4 Bg6 36. h5 Bf7 37. Na4 Rf8 38. Nf5 Nc8 39. Kh2 Nf6 40. Kg3 Kh7 41. Bf3 g6 42. hxg6+ Bxg6 43. Rh1 Bxf5 44. gxf5 Rg8+ 45. Kf2 Rg5 46. Nb2 h5 47. Nc4 Kh6 48. a4 Rg8 49. Ne3 Ne7 50. Nf1 Kg5 51. Ke3 Kh6 52. Kf2 Ng4+ 53. Bxg4 Rxg4 54. Ng3 h4 55. f6 Rf4+ 56. Ke3 Rxf6 57. Rxh4+ Kg6 58. Rg4+ Kf7 59. Rh4 Rg6 60. Rh7+ Rg7 61. Rh3 Kg6 62. Rh8 Rg8 63. Rxg8+ Nxg8 64. Nf5 Kf7 65. Kf3 Ke8 66. Ng7+ Kd8 67. Ne6+ Kc8 68. Kg4 Nf6+ 69. Kf5 Nh5 70. Ng5 Ng3+ 71. Ke6 Ne2 72. Nf7 Nc3 73. Nxd6+ cxd6 74. Kxd6 Nxa4 75. Kxe5 Nc5 76. d6 a4 77. d7+ Kd8 78. Kd4 0-1

[Event "GER-ch Seniors-A 17th"]
[Site "Essen"]
[Date "2005.08.25"]
[Round "6"]
[White "Eidelmann, Vova"]
[Black "Ljuboschiz, Alexander"]
[Result "0-1"]
[WhiteElo "2044"]
[BlackElo "2188"]
[PlyCount "90"]
[EventDate "2005.08.20"]
[EventType "swiss"]
[EventRounds "9"]
[EventCountry "GER"]
[SourceTitle "CBM 108 Extra"]
[Source "ChessBase"]
[SourceDate "2005.11.04"]
[SourceVersion "1"]
[SourceVersionDate "2005.11.04"]
[SourceQuality "1"]

1. d4 Nf6 2. c4 g6 3. Nc3 Bg7 4. e4 d6 5. Be2 0-0 6. Be3 e5 7. d5 a5 8. g4 Na6 9. g5 Ne8 10. h4 f5 11. gxf6 Nxf6 12. h5 Qe8 13. hxg6 Qxg6 14. f3 Nh5 15. Kd2 Nf4 16. Bf1 Bd7 17. Nge2 Kh8 18. Qe1 Rf7 19. Qg3 Qxg3 20. Nxg3 Rg8 21. Nge2 Bf8 22. Nxf4 exf4 23. Bd4+ Bg7 24. Bf2 Nc5 25. Bh3 Bxh3 26. Rxh3 Nd7 27. Rah1 Bf6 28. b3 Ne5 29. R1h2 Ra8 30. Na4 b6 31. Nc3 a4 32. Kc2 axb3+ 33. axb3 Ra3 34. Bd4 Ra1 35. Bxe5 Bxe5 36. Nb1 Rg7 37. Nd2 Kg8 38. Rh6 Rgg1 39. Kd3 Rac1 40. R6h4 Rge1 41. Rg4+ Kf8 42. Nb1 Rxb1 43. Rxh7 Rb2 44. c5 b5 45. Rg8+ Kxg8 0-1